000
00291nam a2200109Ia 4500
008
230822s1999 xx 000 0 und d
041
_a
eng
100
_a
LITTLEWOOD M.
245
_a
LANDSCAPE DETAILING VOLL - I , ENCLOSURE IIIRD EDITION.
260
_b
C.B.S PUBLISHERS
_c
1999
300
_a
193
999
_c
855555
_d
855555